| 000 | 00379nam a2200097Ia 4500 | ||
|---|---|---|---|
| 008 | 180130s9999 xx 000 0 und d | ||
| 245 |
_cBudgen, D. _aAggregating empirical evidence for more trustworthy decisions |
||
| 260 | _c2016 | ||
| 300 | _aBook title: Perspectives on data science for software engineering--Acession number C20893; pages 181-186 | ||
| 650 | _aSOFTWARE ENGINEERING | ||
| 999 |
_c354313 _d354313 |
||